Stany Nowej Anglii w USA - Statystyki

Ogólne statystyki
  • Ten quiz został rozwiązany 15 razy
  • Średni wynik to 5 z 6
Statystyki odpowiedzi
Nazwij 6 stanów Odpowiedź % Poprawnych
6 Maine
100%
2 Rhode Island
87%
4 Vermont
87%
1 Connecticut
73%
5 New Hampshire
73%
3 Massachusetts
67%
Nie znaleziono quizów pasujących do podanych kryteriów
Rozkład punktacji
Procent ludzi z każdym wynikiem
Percentyl według liczby udzielonych odpowiedzi
Twoja historia wyników
Nie rozwiązałeś tego quizu